| 000 | 00516nam a2200145Ia 4500 | ||
|---|---|---|---|
| 008 | 100204s9999 xx 000 0 und d | ||
| 082 | _b12554 | ||
| 100 | _aअदवंत म. ना. | ||
| 245 | _aविराटपर्व ( मोरोपंत ) | ||
| 260 |
_b"व्हीनस प्रकाशन, पुणे" _c1975 |
||
| 300 | _a176 | ||
| 630 | _aविराटपर्व ( मोरोपंत ) | ||
| 730 | _aविराटपर्व ( मोरोपंत ) | ||
| 942 | _cBOOK | ||
| 999 |
_c456986 _d456983 |
||